|
|
|
|
| LEADER |
03219nam a2200469 a 4500 |
| 001 |
34511 |
| 003 |
BD-DhAAL |
| 005 |
20190410150328.0 |
| 008 |
190410t1996 enka 000 0 eng d |
| 999 |
|
|
|c 40658
|d 40658
|
| 020 |
|
|
|a 9780571177417
|
| 035 |
|
|
|a (NIC)notisANZ3054
|
| 035 |
|
|
|a (OCoLC)34659354
|
| 035 |
|
|
|a 2843393
|
| 040 |
|
|
|a LRU
|c LRU
|d GZM
|d NIC
|d BD-DhAAL
|
| 050 |
|
4 |
|a PR6058.A68
|b A6 1996
|
| 082 |
|
|
|2 20
|a 822.914
|
| 100 |
1 |
|
|a Hare, David,
|d 1947-
|9 31186
|
| 240 |
1 |
0 |
|a Plays.
|k Selections
|
| 245 |
1 |
0 |
|a Plays one /
|c David Hare ; introduced by the author.
|
| 246 |
3 |
0 |
|a David hare : plays 1
|
| 260 |
|
|
|a London ;
|a Boston :
|b Faber and Faber,
|c c1996.
|
| 300 |
|
|
|a xvi, 478 pages :
|b illustrations ;
|c 20 cm.
|
| 490 |
1 |
|
|a Contemporary classics
|
| 505 |
0 |
|
|a Slag -- Teeth 'n' smiles -- Knuckle -- Licking Hitler -- Plenty.
|
| 520 |
|
|
|a A collection of David Hare plays from the 1970s.
|
| 526 |
|
|
|a ENH
|
| 541 |
|
|
|a Karim International
|e 34511, 34512, 34513, 34514, 34515, 34516, 34517, 34518, 34519, 34520.
|
| 650 |
|
0 |
|a English drama
|9 31187
|
| 830 |
|
0 |
|a Contemporary classics (London, England)
|9 31188
|
| 852 |
|
|
|a Ayesha Abed Library
|c General Stacks
|
| 942 |
|
|
|2 ddc
|c BK
|
| 952 |
|
|
|0 0
|1 0
|2 ddc
|4 0
|6 822_914000000000000_HAR
|7 0
|9 65280
|a BRACUL
|b BRACUL
|c GEN
|d 2019-03-18
|e Karim International
|g 1550.00
|l 0
|o 822.914 HAR
|p 3010034514
|r 2019-03-18
|t 4
|v 1550.00
|w 2019-03-18
|y BK
|
| 952 |
|
|
|0 0
|1 0
|2 ddc
|4 0
|6 822_914000000000000_HAR
|7 0
|9 65281
|a BRACUL
|b BRACUL
|c GEN
|d 2019-03-18
|e Karim International
|g 1550.00
|l 0
|o 822.914 HAR
|p 3010034520
|r 2019-03-18
|t 10
|v 1550.00
|w 2019-03-18
|y BK
|
| 952 |
|
|
|0 0
|1 0
|2 ddc
|4 0
|6 822_914000000000000_HAR
|7 0
|9 65282
|a BRACUL
|b BRACUL
|c GEN
|d 2019-03-18
|e Karim International
|g 1550.00
|l 1
|o 822.914 HAR
|p 3010034517
|r 2022-10-19
|s 2022-10-12
|t 7
|v 1550.00
|w 2019-03-18
|y BK
|
| 952 |
|
|
|0 0
|1 0
|2 ddc
|4 0
|6 822_914000000000000_HAR
|7 0
|9 65283
|a BRACUL
|b BRACUL
|c GEN
|d 2019-03-18
|e Karim International
|g 1550.00
|l 2
|m 6
|o 822.914 HAR
|p 3010034516
|r 2024-02-13
|s 2024-02-06
|t 6
|v 1550.00
|w 2019-03-18
|y BK
|
| 952 |
|
|
|0 0
|1 0
|2 ddc
|4 0
|6 822_914000000000000_HAR
|7 0
|9 65284
|a BRACUL
|b BRACUL
|c GEN
|d 2019-03-18
|e Karim International
|g 1550.00
|l 1
|m 31
|o 822.914 HAR
|p 3010034519
|r 2021-11-28
|s 2020-01-13
|t 9
|v 1550.00
|w 2019-03-18
|y BK
|
| 952 |
|
|
|0 0
|1 0
|2 ddc
|4 0
|6 822_914000000000000_HAR
|7 0
|9 65285
|a BRACUL
|b BRACUL
|c GEN
|d 2019-03-18
|e Karim International
|g 1550.00
|l 1
|m 17
|o 822.914 HAR
|p 3010034512
|r 2026-02-17
|s 2025-09-21
|t 2
|v 1550.00
|w 2019-03-18
|y BK
|
| 952 |
|
|
|0 0
|1 0
|2 ddc
|4 0
|6 822_914000000000000_HAR
|7 0
|9 65286
|a BRACUL
|b BRACUL
|c GEN
|d 2019-03-18
|e Karim International
|g 1550.00
|l 0
|o 822.914 HAR
|p 3010034515
|r 2019-03-18
|t 5
|v 1550.00
|w 2019-03-18
|y BK
|
| 952 |
|
|
|0 0
|1 0
|2 ddc
|4 0
|6 822_914000000000000_HAR
|7 0
|9 65287
|a BRACUL
|b BRACUL
|c GEN
|d 2019-03-18
|e Karim International
|g 1550.00
|l 0
|o 822.914 HAR
|p 3010034513
|r 2019-03-18
|t 3
|v 1550.00
|w 2019-03-18
|y BK
|
| 952 |
|
|
|0 0
|1 0
|2 ddc
|4 0
|6 822_914000000000000_HAR
|7 0
|9 65288
|a BRACUL
|b BRACUL
|c GEN
|d 2019-03-18
|e Karim International
|g 1550.00
|l 2
|m 7
|o 822.914 HAR
|p 3010034518
|r 2026-03-30
|s 2026-03-02
|t 8
|v 1550.00
|w 2019-03-18
|y BK
|
| 952 |
|
|
|0 0
|1 0
|2 ddc
|4 0
|6 822_914000000000000_HAR
|7 0
|9 65289
|a BRACUL
|b BRACUL
|c GEN
|d 2019-03-18
|e Karim International
|g 1550.00
|l 0
|o 822.914 HAR
|p 3010034511
|r 2019-03-18
|t 1
|v 1550.00
|w 2019-03-18
|y BK
|